| 000 | 00440nam a2200157Ia 4500 | ||
|---|---|---|---|
| 003 | GCL | ||
| 008 | 140319s9999 xx 000 0 ara d | ||
| 040 |
_aGCL / _cGCL |
||
| 082 | 0 | 4 |
_a808.83 _bه ق |
| 100 | 1 | _aهمنجواى، ارنست | |
| 245 | 1 | 0 |
_aقصص من الغرب / _cهمنجواى، ارنست |
| 700 | 1 | _aعايد الرباط | |
| 700 | 1 | _aعبدالرحيم سرور | |
| 300 | _a88 ص | ||
| 490 |
_aكتب ثقافية _v0 |
||
| 999 |
_c47549 _d47549 |
||